00953nam a2200217 a 4500001000900000005001700009008004100026020001500067020001500082040001800097050002400115100003000139245011300169260006500282300002900347500024200376504003200618600004300650653002100693700002100714BRCA_49720190320203032.0880830s1988 paua---##b---l000-0#eng-# a0876330774 a0812279603 aDLCcDLCdDLC 4aN6923.T4b.C76 19881 aCropper, Elizabethd1944-10aPietro Testa, 1612-1650bPrints and DrawingscElizabeth Cropper with essays by Charles Dempsey ... [et al.]. aPhiladelphia, PennsylvaniabPhiladelphia Museum of Artc1988 aciv, 297 p.bil.c28 cm. aCatálogo de la exposición realizada en The Philadelphia Museum of Art (Philadelphia, Pennsylvania), 5 noviembre - 31 diciembre, 1988 y en Arthur M. Sackler Museum, Harvard University Art Museums (Cambridge), 21 enero - 19 marzo, 1989 aBibliografía : p. 291-29714aTesta, Pietrod1611-1650vExposiciones0 aArtes gráficas1 aDempsey, Charles